000
00288nam a2200121Ia 4500
008
191014s9999 xx 000 0 und d
082
_a
150.1986
_b
SHA
100
_a
Qasim Ali Shah
_9
23923
245
0
_a
Apni Talash
260
_a
Pakistan
_b
New Soch
_c
2017
300
_a
176
942
_c
BK
999
_c
531046
_d
531046